NTA UGC NET/JRF/SET. Paper 2. Environmental Science (Record no. 75097)

MARC details
000 -LEADER
fixed length control field 00406nam a22001337a 4500
020 ## - INTERNATIONAL STANDARD BOOK NUMBER
ISBN 978 932 719 9000
082 ## - DEWEY DECIMAL CLASSIFICATION NUMBER
Classification number 06:067(079)NTA
Item number SIN.2
100 ## - MAIN ENTRY--AUTHOR NAME
Personal name SINGLA, Deepika
-- SHARMA, Vivek
245 ## - TITLE STATEMENT
Title NTA UGC NET/JRF/SET. Paper 2. Environmental Science
260 ## - PUBLICATION, DISTRIBUTION, ETC. (IMPRINT)
Place of publication New Delhi
Name of publisher Arihant Publications
300 ## - PHYSICAL DESCRIPTION
Number of Pages 691p.
650 ## - SUBJECT ADDED ENTRY--TOPICAL TERM
Topical Term NTA exam
-- UGC exam
-- NET/JRF/SET exam
-- Environmental Science
942 ## - ADDED ENTRY ELEMENTS (KOHA)
Koha item type Books
Holdings
Withdrawn status Lost status Damaged status Not for loan Home library Current library Date acquired Source of acquisition Full call number Accession Number Koha item type
        RRII Library RRII Library 06/10/2023 Technical Bureau India, Delhi, Inv No TB1891 dtd 26.09.2023 for RS 18320 06:067(079)NTA SIN.2 23603 Books